| 000 | 00733nam a2200217 i 4500 | ||
|---|---|---|---|
| 001 | 82412 | ||
| 003 | ES-MaACL | ||
| 005 | 20240311174155.0 | ||
| 007 | t| | ||
| 008 | 041110s1971 sp ||||1| spa d | ||
| 100 | 1 |
_aIgual Ubeda, Antonio. _965156 |
|
| 245 | 1 | 0 |
_aJosé Esteve Bonet _b: imaginero valenciano del siglo XVIII: vida y obras / _cAntonio Igual Ubeda. |
| 260 |
_aValencia : _bInstitución Alfonso el Magnánimo, _c1971. |
||
| 300 |
_a251 p., 79 lám. ; _c24 cm. |
||
| 490 | 1 |
_aCuadernos de Arte ; _v23 |
|
| 502 | _aTesis-Universidad de Madrid. | ||
| 600 | 1 | 4 |
_aEsteve Bonet, José ( _d1714-1802) _948143 |
| 830 | 0 |
_aCuadernos de arte _v23 _9183754 |
|
| 852 |
_aES-MaACL _jC-44128 _bR.77301 |
||
| 999 |
_c82412 _d82412 |
||